|
|
|
|
| LEADER |
01000caa a22002652c 4500 |
| 001 |
340528621 |
| 003 |
DE-627 |
| 005 |
20220511141935.0 |
| 007 |
tu |
| 008 |
991231s1996 xx ||||| 00| ||und c |
| 035 |
|
|
|a (DE-627)340528621
|
| 035 |
|
|
|a (DE-576)934052862X
|
| 035 |
|
|
|a (DE-599)GBV340528621
|
| 040 |
|
|
|a DE-627
|b ger
|c DE-627
|e rakwb
|
| 100 |
1 |
|
|a Ulshöfer, Kuno
|e verfasserin
|4 aut
|
| 245 |
1 |
0 |
|a [Rezension von: Bauer, Gerhard, Eberhard Gmelin (1751 - 1809), sein Leben u]
|c Kuno Ulshöfer
|
| 264 |
|
1 |
|c 1996
|
| 336 |
|
|
|a Text
|b txt
|2 rdacontent
|
| 337 |
|
|
|a ohne Hilfsmittel zu benutzen
|b n
|2 rdamedia
|
| 338 |
|
|
|a Band
|b nc
|2 rdacarrier
|
| 700 |
1 |
|
|a Bauer, Gerhard
|e beteiligter
|4 asn
|
| 773 |
0 |
8 |
|i In
|t Zeitschrift für württembergische Landesgeschichte
|d Ostfildern : Jan Thorbecke Verlag, 1937
|g Jg. 55. Stuttgart (1996) S. 461 - 462
|w (DE-627)129474010
|w (DE-600)202994-7
|w (DE-576)014851865
|x 0044-3786
|7 nnas
|
| 773 |
1 |
8 |
|g volume:55
|g year:1996
|g pages:461-462
|
| 787 |
0 |
8 |
|i Rezension von
|a Eberhard Gmelin (1751 - 1809) / Gerhard Bauer
|
| 912 |
|
|
|a GBV_USEFLAG_U
|
| 912 |
|
|
|a GBV_ILN_288
|
| 912 |
|
|
|a SYSFLAG_1
|
| 912 |
|
|
|a GBV_KXP
|
| 912 |
|
|
|a GBV_ILN_11
|
| 912 |
|
|
|a GBV_ILN_21
|
| 912 |
|
|
|a GBV_ILN_22
|
| 912 |
|
|
|a GBV_ILN_24
|
| 912 |
|
|
|a GBV_ILN_31
|
| 912 |
|
|
|a GBV_ILN_39
|
| 912 |
|
|
|a GBV_ILN_40
|
| 912 |
|
|
|a GBV_ILN_50
|
| 912 |
|
|
|a GBV_ILN_60
|
| 912 |
|
|
|a GBV_ILN_61
|
| 912 |
|
|
|a GBV_ILN_62
|
| 912 |
|
|
|a GBV_ILN_65
|
| 912 |
|
|
|a GBV_ILN_69
|
| 912 |
|
|
|a GBV_ILN_72
|
| 912 |
|
|
|a GBV_ILN_104
|
| 912 |
|
|
|a GBV_ILN_120
|
| 912 |
|
|
|a GBV_ILN_130
|
| 912 |
|
|
|a GBV_ILN_188
|
| 912 |
|
|
|a GBV_ILN_227
|
| 912 |
|
|
|a GBV_ILN_238
|
| 912 |
|
|
|a GBV_ILN_267
|
| 912 |
|
|
|a GBV_ILN_350
|
| 912 |
|
|
|a GBV_ILN_721
|
| 912 |
|
|
|a GBV_ILN_737
|
| 912 |
|
|
|a GBV_ILN_812
|
| 912 |
|
|
|a GBV_ILN_1121
|
| 912 |
|
|
|a GBV_ILN_2001
|
| 912 |
|
|
|a GBV_ILN_2002
|
| 912 |
|
|
|a GBV_ILN_2003
|
| 912 |
|
|
|a GBV_ILN_2004
|
| 912 |
|
|
|a GBV_ILN_2005
|
| 912 |
|
|
|a GBV_ILN_2006
|
| 912 |
|
|
|a GBV_ILN_2007
|
| 912 |
|
|
|a GBV_ILN_2008
|
| 912 |
|
|
|a GBV_ILN_2009
|
| 912 |
|
|
|a GBV_ILN_2010
|
| 912 |
|
|
|a GBV_ILN_2011
|
| 912 |
|
|
|a GBV_ILN_2012
|
| 912 |
|
|
|a GBV_ILN_2014
|
| 912 |
|
|
|a GBV_ILN_2015
|
| 912 |
|
|
|a GBV_ILN_2016
|
| 912 |
|
|
|a GBV_ILN_2018
|
| 912 |
|
|
|a GBV_ILN_2031
|
| 912 |
|
|
|a GBV_ILN_2034
|
| 912 |
|
|
|a GBV_ILN_2036
|
| 912 |
|
|
|a GBV_ILN_2038
|
| 912 |
|
|
|a GBV_ILN_2039
|
| 912 |
|
|
|a GBV_ILN_2043
|
| 912 |
|
|
|a GBV_ILN_2046
|
| 912 |
|
|
|a GBV_ILN_2067
|
| 912 |
|
|
|a GBV_ILN_2083
|
| 912 |
|
|
|a GBV_ILN_2087
|
| 912 |
|
|
|a GBV_ILN_2127
|
| 912 |
|
|
|a GBV_ILN_2140
|
| 912 |
|
|
|a GBV_ILN_2142
|
| 912 |
|
|
|a GBV_ILN_2169
|
| 912 |
|
|
|a GBV_ILN_2175
|
| 912 |
|
|
|a GBV_ILN_2177
|
| 912 |
|
|
|a GBV_ILN_2178
|
| 912 |
|
|
|a GBV_ILN_2195
|
| 912 |
|
|
|a GBV_ILN_2208
|
| 912 |
|
|
|a GBV_ILN_2227
|
| 912 |
|
|
|a GBV_ILN_2236
|
| 912 |
|
|
|a GBV_ILN_2247
|
| 912 |
|
|
|a GBV_ILN_2253
|
| 912 |
|
|
|a GBV_ILN_2258
|
| 912 |
|
|
|a GBV_ILN_2264
|
| 912 |
|
|
|a GBV_ILN_2300
|
| 912 |
|
|
|a GBV_ILN_2301
|
| 912 |
|
|
|a GBV_ILN_2309
|
| 912 |
|
|
|a GBV_ILN_2390
|
| 912 |
|
|
|a GBV_ILN_2425
|
| 912 |
|
|
|a GBV_ILN_2466
|
| 912 |
|
|
|a GBV_ILN_2467
|
| 912 |
|
|
|a GBV_ILN_2506
|
| 912 |
|
|
|a GBV_ILN_2520
|
| 912 |
|
|
|a GBV_ILN_2525
|
| 912 |
|
|
|a GBV_ILN_2552
|
| 912 |
|
|
|a GBV_ILN_2578
|
| 912 |
|
|
|a GBV_ILN_2579
|
| 912 |
|
|
|a GBV_ILN_4012
|
| 912 |
|
|
|a GBV_ILN_4027
|
| 912 |
|
|
|a GBV_ILN_4028
|
| 912 |
|
|
|a GBV_ILN_4029
|
| 912 |
|
|
|a GBV_ILN_4036
|
| 912 |
|
|
|a GBV_ILN_4037
|
| 912 |
|
|
|a GBV_ILN_4082
|
| 912 |
|
|
|a GBV_ILN_4103
|
| 912 |
|
|
|a GBV_ILN_4112
|
| 912 |
|
|
|a GBV_ILN_4125
|
| 912 |
|
|
|a GBV_ILN_4126
|
| 912 |
|
|
|a GBV_ILN_4155
|
| 912 |
|
|
|a GBV_ILN_4193
|
| 912 |
|
|
|a GBV_ILN_4238
|
| 912 |
|
|
|a GBV_ILN_4246
|
| 912 |
|
|
|a GBV_ILN_4251
|
| 912 |
|
|
|a GBV_ILN_4253
|
| 912 |
|
|
|a GBV_ILN_4302
|
| 912 |
|
|
|a GBV_ILN_4305
|
| 912 |
|
|
|a GBV_ILN_4306
|
| 912 |
|
|
|a GBV_ILN_4309
|
| 912 |
|
|
|a GBV_ILN_4310
|
| 912 |
|
|
|a GBV_ILN_4311
|
| 912 |
|
|
|a GBV_ILN_4316
|
| 912 |
|
|
|a GBV_ILN_4317
|
| 912 |
|
|
|a GBV_ILN_4319
|
| 912 |
|
|
|a GBV_ILN_4321
|
| 912 |
|
|
|a GBV_ILN_4323
|
| 912 |
|
|
|a GBV_ILN_4324
|
| 912 |
|
|
|a GBV_ILN_4337
|
| 912 |
|
|
|a GBV_ILN_4385
|
| 912 |
|
|
|a GBV_ILN_4392
|
| 912 |
|
|
|a GBV_ILN_2222
|
| 912 |
|
|
|a GBV_ILN_2222
|
| 912 |
|
|
|a ISIL_DE-Stg266
|
| 935 |
|
|
|i vzg4007
|
| 951 |
|
|
|a AR
|
| 952 |
|
|
|d 55
|j 1996
|h 461-462
|y Jg. 55. Stuttgart (1996) S. 461 - 462
|
| 980 |
|
|
|2 288
|1 01
|x 3288
|b 542531399
|h ibk1996
|u gvk
|y xi
|z 31-12-99
|
| 980 |
|
|
|2 2222
|1 01
|x DE-Stg266
|b 3622624019
|c 00
|f Zeitchriften
|d --%%--
|e p
|j --%%--
|y l01
|z 14-04-20
|
| 982 |
|
|
|2 288
|1 01
|x 3288
|8 80
|a Rezensionen
|
| 983 |
|
|
|2 288
|1 01
|x 3288
|8 00
|0 (DE-627)302640142
|a 1.2.3.1
|b Textsammlungen und allgemeine Schriften. Allgemeine Schriften. Zur Kulturgeschichte und Gesellschaftsgeschichte von 1750 bis 1850. Rezensionen
|
| 995 |
|
|
|2 288
|1 01
|x 3288
|a ibk1996
|